Poll - U.S. State Flags - Statistics

General Stats
  • This quiz has been taken 56 times
  • The average score is 11 of 50
Answer Stats
Question Tile Select % Correct
10 max. Yes
63%
10 max. Yes
57%
10 max. Yes
56%
10 max. Yes
54%
10 max. Yes
54%
10 max. Yes
48%
10 max. Yes
48%
10 max. Yes
48%
10 max. Yes
46%
10 max. Yes
46%
10 max. Yes
43%
10 max. Yes
41%
10 max. Yes
41%
10 max. Yes
35%
10 max. Yes
31%
10 max. Yes
28%
10 max. Yes
26%
10 max. Yes
22%
10 max. Yes
20%
10 max. Yes
17%
10 max. Yes
17%
10 max. Yes
17%
10 max. Yes
15%
10 max. Yes
13%
10 max. Yes
13%
10 max. Yes
13%
10 max. Yes
11%
10 max. Yes
11%
10 max. Yes
11%
10 max. Yes
11%
10 max. Yes
11%
10 max. Yes
11%
10 max. Yes
9%
10 max. Yes
9%
10 max. Yes
9%
10 max. Yes
9%
10 max. Yes
7%
10 max. Yes
7%
10 max. Yes
7%
10 max. Yes
7%
10 max. Yes
7%
10 max. Yes
7%
10 max. Yes
6%
10 max. Yes
6%
10 max. Yes
6%
10 max. Yes
6%
10 max. Yes
6%
10 max. Yes
4%
10 max. Yes
4%
10 max. Yes
4%
No matching quizzes found
Score Distribution
Percent of People with Each Score
Percentile by Number Answered
Your Score History
You have not taken this quiz